Marketingové nástroje v procese prepájania akademickej sféry a hospodárskej praxe dizertačná práca

Gespeichert in:
Bibliographische Detailangaben
1. Verfasser: Drábik, Henrich
Körperschaft: Obchodná fakulta EU. Katedra marketingu
Weitere Verfasser: Žák, Štefan, 1971-
Format: Buch
Sprache:Slowakisch
Veröffentlicht: Bratislava 2018
Schlagworte:
Tags: Tag hinzufügen
Keine Tags, Fügen Sie das erste Tag hinzu!

MARC

LEADER 00000nbm a2200000 4500
001 0246249
005 20230227105101.2
041 0 |a slo 
044 |a SK 
245 1 0 |a Marketingové nástroje v procese prepájania akademickej sféry a hospodárskej praxe  |b dizertačná práca  |c Henrich Drábik ; školiteľ: Štefan Žák 
264 1 |a Bratislava  |c 2018 
300 |a 185 s. 
610 2 0 |a marketing 
610 2 0 |a nástroje marketingové 
610 2 0 |a školy vysoké 
610 2 0 |a činnosť hospodárska 
610 2 0 |a spolupráca vedecká 
100 1 |a Drábik, Henrich 
700 1 |a Žák, Štefan, 1971- 
710 2 |a Obchodná fakulta EU. Katedra marketingu